000
00266nam a2200109Ia 4500
008
230320s9999||||xx |||||||||||||| ||spa||
082
_a
868.66/G68
100
_a
Gomez De La Serna, Ramon
245
0
_a
El Caballero Del Hongo Gris
260
_b
SALVAT
942
_8
0
_c
LIB
999
_c
32276
_d
32276